| 000 | 01116cam a22003257a 4500 | ||
|---|---|---|---|
| 003 | CHAP | ||
| 005 | 20220329134521.0 | ||
| 008 | 971013s1986 r 00010 d | ||
| 010 | _a21482 | ||
| 011 | _a22454 | ||
| 035 | _a26549 | ||
| 040 | _cCHAP | ||
| 090 | _aTesis | ||
| 100 | 0 | 0 |
_aBorroel González, Rubén Eliseo. _913947 |
| 245 | 1 | 3 | _aLa enfermedades más comunes durante la crianza de avesde reemplazo de raza ligera en la Comarca Lagunera |
| 260 |
_aTorreón, Coah. : _bEl autor, _c1986 |
||
| 300 |
_a36 h. _b; gráfs. |
||
| 502 | _aTesis (Médico Veterinario Zootecnista) -- UAAAN. Unidad Laguna | ||
| 590 |
_aALEPH _b10 _c20130110 _lUCH01 _h1245 |
||
| 590 |
_aBATCH-UPD _b10 _c20130110 _lUCH01 _h1820 |
||
| 590 |
_aBATCH-UPD _b10 _c20130410 _lUCH01 _h1154 |
||
| 590 |
_aBATCH-UPD _b10 _c20130914 _lUCH01 _h0442 |
||
| 590 |
_aCONVERSION _b10 _c20130109 _lUCH01 _h1313 |
||
| 650 | 1 | 4 |
_aAves de corral _xComarca Lagunera. _98640 |
| 650 | 1 | 4 |
_aAves de corral _xEnfermedades. _98646 |
| 650 | 1 | 4 |
_aAves de corral _xRazas. _98679 |
| 901 | _aBK | ||
| 942 | _cTESIS | ||
| 949 |
_bBC _cTES _d-61179 _eTS1 _h18921 _i26549 _si |
||
| 999 |
_c21482 _d21482 |
||